• 首页
  • 本馆介绍
  • 公告通知
  • 最新文献
  • 馆藏检索
  • 电子资源
  • 读者导购
  • 参考咨询
  • 我的图书馆
  • 登录
  • 详细信息显示
  • 放入我的书架
  • 预约/预借图书
  • 作者相关作品
  • 分类相关作品
  • 丛书相关作品
  • 出版社相关作品

书目信息

  • 表格格式
  • 工作单格式
  • 卡片格式
题名:
农村简易速算
    
 
作者: ;上海市商业学校农村简易速算编写组 编
分册:  
出版信息: 上海   上海人民出版社  1977
页数: 69页
开本: 19cm
丛书名:
单 册:
中图分类: S11
科图分类:
主题词: 农业科学:数学 , 数学:农业科学
电子资源:
ISBN:
000 00694nam0 2200229 45
001 0177002313
005 20060926090851.96
010    @dCNY0.15
100    @a19951012d1977 em y0chiy0121 ea
101 0  @achi
102    @aCN@b310000
105    @ay z 000yy
200 10 @a农村简易速算@Anong cun jian yi su suan@f上海市商业学校《农村简易速算》编写组编
210    @a上海@c上海人民出版社@d1977
215    @a69页@d19cm
606    @a农业科学:数学
606    @a数学:农业科学
690    @aS11@v3
711 02 @a上海市商业学校农村简易速算编写组@Ashang hai shi shang ye xue xiao nong cun jian yi su suan bian xie zu@4编
801  2 @aCN@bNLC@c20060926
801  0 @aCN@bTSSF
905    @a10447@dS11@e52
    
    农村简易速算/上海市商业学校《农村简易速算》编写组编.-上海:上海人民出版社,1977
    69页;19cm
    
    
    ISBN :CNY0.15
    
●
相关链接 在E读中查询图书 在五车中查询图书 在当当中查询图书 在豆瓣中查询图书


正题名:农村简易速算     索取号:S11/52         预约/预借

序号 登录号 条形码 馆藏地/架位号 状态 备注
1 0422949   204229496   密集书库/ [索取号:S11/52] 在馆    
唐山师范学院图书馆 欢迎您!
大连网信软件有限公司© 版权所有